header

Genetically modified crops (Record no. 14152)

MARC details
000 -LEADER
fixed length control field 01167nam a2200313Ia 4500
100 1# - MAIN ENTRY--AUTHOR NAME
Personal name Halford, N. G.
245 10 - TITLE STATEMENT
Title Genetically modified crops
260 ## - PUBLICATION, DISTRIBUTION, ETC. (IMPRINT)
Place of publication London :
Name of publisher Imperial College Press,
Year of publication c2003.
300 ## - PHYSICAL DESCRIPTION
Number of Pages ix, 112 p. :
Other physical details ill.
500 ## - GENERAL NOTE
General note Includes index.
650 #0 - SUBJECT ADDED ENTRY--TOPICAL TERM
Topical Term Transgenic plants.
Topical Term Transgenic plants
Topical Term Plant genetic engineering.
Topical Term Agricultural biotechnology.
856 40 - ELECTRONIC LOCATION AND ACCESS
Uniform Resource Identifier http://site.ebrary.com/lib/rucke/Doc?id=10255370

No items available.

© 2026 Rongo University
Contact us: librarian | system librarian | Rongo university